| 000 | 00537nam a2200169 i 4500 | ||
|---|---|---|---|
| 001 | 77801 | ||
| 003 | ES-MaACL | ||
| 005 | 20230906173401.0 | ||
| 007 | t| | ||
| 008 | 041110s19301936sp ||||1| spa d | ||
| 100 | 1 |
_aVachet, Pedro. _9112379 |
|
| 245 | 1 | 0 |
_aRemedio a la vida moderna / _cDr. Pedro Vachet ; versión española de la 29ª edición francesa, por el Dr. J. Noguer. |
| 260 |
_aBarcelona : _b[Clarasó], _c[193-?] |
||
| 300 |
_a220 p., 1 h. ; _c19 cm. |
||
| 700 | 1 |
_aNoguer, J. _985861 |
|
| 852 |
_aES-MaACL _jE-10316 _bR.133637 |
||
| 999 |
_c77801 _d77801 |
||